| 000 | 00643nam a2200253Ia 4500 | ||
|---|---|---|---|
| 003 | OSt | ||
| 005 | 20221005081544.0 | ||
| 006 | a|||||r|||| 00| 0 | ||
| 007 | ta | ||
| 008 | 221004b |||||||| |||| 00| 0 eng d | ||
| 020 | _a0761994165 | ||
| 024 | _a80879 | ||
| 037 | _cTextual | ||
| 040 |
_aCRL _cCRL _beng |
||
| 041 |
_2eng _aeng |
||
| 082 | _aP(4), P0 | ||
| 100 |
_aValladares June A _9611188 |
||
| 245 | 0 | _aCraft of copywriting | |
| 260 |
_aNew Delhi _bResponse Books India _c2000 |
||
| 300 |
_a285p. _ccm. |
||
| 650 | _aLINGUISTICS | ||
| 942 |
_hP(4), P0 _cTEXL _2cc |
||
| 999 |
_c987888 _d987888 |
||